00450nam a2200181Ia 4500003000400000008004100004040001600045082001300061100002100074245006900095700001600164260003300180300001000213650001400223650000900237650001100246650001100257GCL140319s9999 xx 000 0 eng d aGCL / cGCL04a640bC C1 aCARROLL, STEPHEN10aTHE COMPLETE FAMILY GUIDE TO HEALTHY LIVING / cCARROLL, STEPHEN1 aSMITH, TONY a[S.N] : bDORLING KINDERSLEY a320 P04aNUTRITION04aFOOD04aFAMILY04aHEALTH